000 01842nam a2200457 i 4500
001 xx004874246
003 NUKAT
005 20260430112136.0
008 200601s2020 pl a |001 0 pol c
020 _a9788380988774
_q(oprawa twarda) :
_czł 40,00
035 _a(OCoLC)1164101134
035 _a(NUKAT)xx004874246
040 _aKAT U/MP
_bpol
_erda
_cKAT U/MPs
_dKAT U/DL
_dOLSZT 008/bak
045 2 _bd1945
_bd1960
046 _k2020
100 1 _aStefanik, Ryszard
_d(1970- ).
_eAutor
_916275
245 1 0 _aMiędzy sportową pasją a "obywatelskim" obowiązkiem :
_bszczecińskie kolarstwo w latach 1945-1960 /
_cRyszard Stefanik.
260 _aSzczecin ;
_aWarszawa :
_bInstytut Pamięci Narodowej - Komisja Ścigania Zbrodni przeciwko Narodowi Polskiemu. Oddział Szczecin,
_c© copyright 2020.
300 _a424 strony :
_bilustracje ;
_c25 cm.
336 _aTekst
_btxt
_2rdacontent
337 _aBez urządzenia pośredniczącego
_bn
_2rdamedia
338 _aWolumin
_bnc
_2rdacarrier
380 _aKsiążki
380 _aPublikacje naukowe
388 1 _a2001-
490 1 _aSport w PRL
504 _aBibliografia na stronach 383-390. Indeks.
648 7 _a1901-2000
_2DBN
_934996
648 7 _a1945-1989
_2DBN
_936043
650 7 _aKolarstwo
_2DBN
_940998
650 7 _aWychowanie fizyczne
_zPolska
_y1945-1970.
_2kaba
_940999
650 7 _aKolarstwo
_zPolska
_zSzczecin
_y1945-1970.
_2kaba
_941000
651 7 _aSzczecin (woj. zachodniopomorskie)
_2DBN
_937319
655 7 _aMonografia
_2DBN
_935240
658 _aHistoria
658 _aKultura fizyczna i sport
710 2 _aInstytut Pamięci Narodowej - Komisja Ścigania Zbrodni przeciwko Narodowi Polskiemu.
_bOddział (Szczecin).
_eWydawca
_4pbl
_914486
830 0 _aSport w PRL
_916245
920 _a978-83-8098-877-4 (oprawa twarda) : zł 40,00
942 _2ddc
_cBK_NM
999 _c27896
_d27896